100 Biggest Natural Lakes in Europe with a Map - Statistics

General Stats
  • This quiz has been taken 2,862 times
    1,234 since last reset
  • The average score is 11 of 100
Answers on the Map
Answers color-coded by a green-red scale on the quiz's map according to % correct below.
 
Answer Stats
Lake Area (In km2) % Correct
Geneva 581
84%
Ladoga 17 700
70%
Como 146
66%
Balaton 592
59%
Constance 541
57%
Onega 9 894
55%
Garda 370
50%
Vänern 5 655
40%
Vättern 1 893
37%
Peipus 3 555
36%
Ohrid 358
34%
Maggiore 212
31%
Neuchâtel 218
27%
Saimaa 4 377
26%
Lough Neagh 388
25%
Inari 1 040
21%
Neusiedl 315
20%
Mälaren 1 150
18%
Great Prespa 273
15%
Skadar 370
15%
Päijänne 1 081
13%
Trasimeno 124
13%
Oulujärvi 887
12%
Hjälmaren 485
10%
Pielinen 894
10%
Ilmen 982
9%
Mjøsa 365
9%
Pyhäjärvi 155 | 207
9%
Pyhajärvi 122
9%
Storsjön 464
9%
Kallavesi 473
8%
Näsijärvi 256
8%
Siljan 354
8%
Kemijärvi 231
7%
Torneträsk 330
7%
Võrtsjärv 270
7%
Beloye 1 290
5%
Bolmen 184
5%
Femund 204
5%
Hornavan 252
5%
Keitele 494
5%
Lappajärvi 145
5%
Lough Corrib 200
5%
Randsfjorden 139
5%
Storuman 173
5%
Åsnen 159
4%
Höytiäinen 282
4%
Puula 330
4%
Røssvatnet 219
4%
Sommen 132
4%
Stora Lulevatten 165
4%
Storavan 172
4%
Tyrifjorden 139
4%
Vanajavesi 150
4%
Vygozero 1 250
4%
Yalpuh 149
4%
Yli-Kitka 237
4%
Étang de Berre 155
3%
Imandra 876
3%
Kallsjön 135
3%
Kivijärvi 154
3%
Koitere 167
3%
Konnevesi 189
3%
Kovdozero 608
3%
Lacha 356
3%
Längelmävesi 133
3%
Nilakka 169
3%
Pyaozero 659
3%
Razelm 415
3%
Segozero 906
3%
Seliger 212
3%
Sinoe 171
3%
Skagern 133
3%
Snåsavatnet 121
3%
Ströms vattudal 183
3%
Topozero 986
3%
Uddjaure 210
3%
Umbozero 313
3%
Viinijärvi 135
3%
Vozhe 416
3%
Elton 150
2%
Engozero 122
2%
Juojärvi 220
2%
Juurusvesi–Akonvesi 159
2%
Keret 223
2%
Kiantajärvi 191
2%
Kubenskoye 407
2%
Kuyto 596
2%
Kyyvesi 128
2%
Leksozero 166
2%
Lovozero 200
2%
Mar Menor 170
2%
Nyuk 214
2%
Ondozero 182
2%
Suontee 143
2%
Syamozero 270
2%
Vodlozero 322
2%
Yanisyarvi 204
2%
Tikshozero 232
1%
No matching quizzes found
Score Distribution
Percent of People with Each Score
Percentile by Number Answered
Your Score History
You have not taken this quiz since the last reset